00711nam a2200205 a 450000100060000000300080000600500170001400800410003102000150007203500190008704000270010604100080013308200240014124501060016526000940027130000330036550400500039865000250044870000320047357399BD-RjUL20211209080514.0161208s1977 hiua b 001 0 eng  a0824804805 a(BD-RjUL)57523 aDLCcDLCdBD-RjULbeng aeng00a338.9223bUNS 197704aThe Unsteady state :benvironmental problems, growth, and culture /cKenneth E. F. Watt ... [et al.]. aHonolulu :bPublished for the East-West Center by the University Press of Hawaii,cc1977. axi, 287 p. :bill. ;c25 cm. aIncludes Bibliographical References and Index aEconomic development1 aWatt, Kenneth E. F.,d1929-